A könyvvizsgálatra való felkészülés és a mérlegelendő kockázatok

Bibliographic Details
Main Author: Soós Barbara
Other Authors: Szekeres Dr. Bernadett
Format: Thesis
Kulcsszavak:Könyvvizsgálat
Kockázat
könyvvizsgálati kötelezettség
Online Access:http://dolgozattar.uni-bge.hu/9137

MARC

LEADER 00000nta a2200000 i 4500
001 dolg9137
005 20161216090528.0
008 161216suuuu hu om 000 hun d
040 |a BGE Dolgozattár Repozitórium  |b hun 
041 |a hu 
100 1 |a Soós Barbara 
245 1 2 |a A könyvvizsgálatra való felkészülés és a mérlegelendő kockázatok  |c Soós Barbara  |h [elektronikus dokumentum] 
246 1 1 |a A könyvvizsgálatra való felkészülés és a mérlegelendő kockázatok 
695 |a Könyvvizsgálat 
695 |a Kockázat 
695 |a könyvvizsgálati kötelezettség 
700 1 |a Szekeres Dr. Bernadett  |e ths 
856 4 0 |u http://dolgozattar.uni-bge.hu/9137/1/Szakdolgozat-So%C3%B3s%20Barbara.pdf  |z Dokumentum-elérés 
856 4 0 |u http://dolgozattar.uni-bge.hu/9137/2/Nyilatkozat.jpg  |z Dokumentum-elérés